Změny v organizaci a nové úkoly sociálního zabezpečení.

Významné zmeny v sociálnom zabezpečení, ku ktorým došlo v ČSFR v roku 1990. Štruktúra nových orgánov sociálneho zabezpečenia v ČR. Zabezpečenie kúpeľnej starostlivosti v roku 1991. Racionalizácia práce v oblasti sociálneho zabezpečenia.

Salvato in:
Dettagli Bibliografici
Autore principale: Antošík, Ladislav
Natura: Capitolo di libro
Lingua:ceco
Soggetti:
Tags: Aggiungi Tag
Nessun Tag, puoi essere il primo ad aggiungerne!!

MARC

LEADER 00000naa a2200000 4500
001 r002497
005 20220905071203.7
041 0 |a cze 
044 |a [CS] 
245 1 0 |a Změny v organizaci a nové úkoly sociálního zabezpečení.  |c Ladislav Antošík 
520 |a Významné zmeny v sociálnom zabezpečení, ku ktorým došlo v ČSFR v roku 1990. Štruktúra nových orgánov sociálneho zabezpečenia v ČR. Zabezpečenie kúpeľnej starostlivosti v roku 1991. Racionalizácia práce v oblasti sociálneho zabezpečenia. 
610 2 0 |a zabezpečenie sociálne 
610 2 0 |a ČSFR 
610 2 0 |a 1990 
610 2 0 |a štruktúra organizačná 
610 2 0 |a Čechy 
610 2 0 |a liečenie kúpeľné 
610 2 0 |a 1991 
610 2 0 |a racionalizácia práce 
100 1 |a Antošík, Ladislav